Регионална библиотека "Любен Каравелов" - Русе

Родът на Шоймару | Островът на цветята (Запис номер 172846)

MARC детайли
000 -Лидер
Контролно поле с фиксирана дължина 01757nam a2200373 c 4500
003 - Код на организацията, давaща контролен номер
Контролно поле BLK
005 - Дата и час на последна редакция
Контролно поле 20180422114546.0
008 - Елементи от данни с фиксирана дължина
fixed length control field 180411b bul|||||r ||||||| ||bul||
010 ## - Наследен системен номер
LC control number KNG00181207000
040 ## - Източник на каталожния запис
Идентификатор на билиотеката - собственик на записа BLK
041 ## - Код за език
Код за езика на текст/звукозапис или на отделно заглавие Български
Код за езика КДБФ Български
080 ## - УДК
Текстов определител УДК Румънска литература
УДК код - определител по УДК 821.135.1
УДК определител -31
УДК - код + определител 821.135.1-31
080 ## - УДК
Текстов определител УДК Румънска литература
УДК код - определител по УДК 821.135.1
УДК определител -32
УДК - код + определител 821.135.1-32
100 1# - Редна дума - Автор
Автор Садовяну, Михаил
Авторска отговорност първи автор
R(LIN) 118425
139 ## - Редно поле
Редна дума Садовяну, Михаил
Авторски знак Сав - С 13
245 10 - Сведения за заглавието
Заглавие Родът на Шоймару
Подзаглавни данни Роман
Редно поле (дума) Михаил Садовяну; прев. от рум. Спаска Милева Кануркова; прев. от рум. Йордан Стратиев; худож. Александър Алексов.
245 10 - Сведения за заглавието
Заглавие Островът на цветята
Подзаглавни данни Повест
Редно поле (дума)
250 ## - Област на изданието
Сведения за изданието Ново изд.
257 ## - Страна на издаване
Страна на създаване/издаване Румъния
260 ## - Област на издателските данни
-- София
Име на издателя, разпространителя и проч. Свят
Година на издаване 1989
Печатница отпеч. в Румъния
300 ## - Физическа характеристика
Страници 320 с.
Илюстрации и др. с ил., портр.
Размери/Мащаб 21 см
380 ## - Жанр
Жанр Худож. лит.
500 ## - Общи забележки
Забележка 1. изд. 1982 на изд. Отечество в сер. Световна класика за деца и юноши. - Ориг. загл. Neamul Soimarestilor ; Nada florilor / Mihail Sadoveanu.
653 ## - Ключова дума – ненормативна
Ключова дума романи
653 ## - Ключова дума – ненормативна
Ключова дума повести
700 1# - Други автори (авторска отговорност)
Лично име Кануркова, Спаска Милева
Автороска отговорност (Описва отношението между автора и произведението) прев. от рум.
9 (RLIN) 372486
700 1# - Други автори (авторска отговорност)
Лично име Стратиев, Йордан
Автороска отговорност (Описва отношението между автора и произведението) прев. от рум.
9 (RLIN) 367923
700 1# - Други автори (авторска отговорност)
Лично име Алексов, Александър
Автороска отговорност (Описва отношението между автора и произведението) худож.
9 (RLIN) 372063
852 ## - Местоположение
Форматна сигнатура Цб 157499
856 4# - Електронен адрес и достъп
Електронен формат pdf - файл
Път до файла /url/
856 4# - Електронен адрес и достъп
Електронен формат pdf - файл
Път до файла /url/
942 ## - АРТИКУЛИ
Вид на библиотечния материал Книги
Скрит в OPAC Не
944 ## - СЪЗДАВАНЕ И РЕДАКЦИЯ на ЗАПИСА
Създаване/Редакция Създаване
Дата на регистрацията/редакция 08.09.2015
Статус, дата на статуса ф /
Служител, извършил регистрацията/редакцията Людмила_Стоянова
944 ## - СЪЗДАВАНЕ И РЕДАКЦИЯ на ЗАПИСА
Създаване/Редакция Редакция
Дата на регистрацията/редакция 21.09.2017
Статус, дата на статуса ф /
Служител, извършил регистрацията/редакцията Кети_Илиева
999 ## - СИСТЕМНИ КОНТРОЛНИ НОМЕРА
Koha biblionumber 172846
Koha biblioitemnumber 172846
Наличности
Код за отписване Код за изгубен артикул Източник на класификационната схема Код за повреда Коз за рестрикции Код за отдаване Артикулен № Име на библиотеката - собственик Име на библиотеката, в която се намира в момента Статус (Текущо местоположение) Дата на вписване в системата Местоположение - отдел Цена в лева Инвентарен номер Систематично азбучна сигнатура Баркод Номер на екземпляра Цена в евро Служебна бележка Служебен тип на артикула Бележка за публиката
  Не е изгубен Universal Decimal Classification Не е повреден без рестрикции ползва се в читалня 294798 Регионална библиотека "Любен Каравелов" Русе Регионална библиотека "Любен Каравелов" Русе Хранилище 1989-01-01 Хранилище 2.50 515895 Цб 157499 120000515895 1 1.28 Дост: Dp Вид: Д N: стар фонд Дата: 01.01.1989 Книги  
Изтеглен Не е изгубен   Не е повреден без рестрикции заемане за дома 294799 Регионална библиотека "Любен Каравелов" Русе Регионална библиотека "Любен Каравелов" Русе   1989-01-01 Заемна - подръчен фонд 2.50 655095 П 859.0-31/С 13 655095 2 1.28 Дост: Pk Вид: Ф N: стар фонд Дата: 01.01.1989 Книги Отч.N: 3 , Дата: 17.01.2018
Изтеглен Не е изгубен   Не е повреден без рестрикции заемане за дома 294800 Регионална библиотека "Любен Каравелов" Русе Регионална библиотека "Любен Каравелов" Русе   1989-01-01 Детски отдел 2.50 515901 ДХ 820/899/С 13 515901 3 1.28 Дост: Pk Вид: Ф N: стар фонд Дата: 01.01.1989 Дата инв: 25.09.2015 Бележки инв: Д2015 Книги Отч.N: 46/17 , Дата: 04.10.2017
Изтеглен Не е изгубен   Не е повреден без рестрикции заемане за дома 294801 Регионална библиотека "Любен Каравелов" Русе Регионална библиотека "Любен Каравелов" Русе   1989-01-01 Детски отдел 2.50 515902 ДХ 820/899/С 13 515902 4 1.28 Дост: Pk Вид: Ф N: стар фонд Дата: 01.01.1989 Дата инв: 24.09.2015 Бележки инв: Д2015 Книги Отч.N: 35/2017 , Дата: 05.09.2017
Изтеглен Не е изгубен Universal Decimal Classification Не е повреден без рестрикции заемане за дома 294802 Регионална библиотека "Любен Каравелов" Русе Регионална библиотека "Любен Каравелов" Русе Детски отдел 1989-01-01 Детски отдел 2.50 515904 ДХ 820/899/С 13 515904 5 1.28 Дост: Pk Вид: Ф N: стар фонд Дата: 01.01.1989 Дата инв: 25.09.2015 Бележки инв: Д2015 Книги  
Vip Innovations Ltd, Rousse, Bulgaria 2025